Reflexiones y presentación del proyecto “promoción de la salud sexual, prevención y detección del VIH en personas jóvenes del gran área metropolitana de Costa Rica” /
Uloženo v:
| Hlavní autor: | |
|---|---|
| Médium: | Kniha |
| Jazyk: | Spanish |
| Tagy: |
Přidat tag
Žádné tagy, Buďte první, kdo vytvoří štítek k tomuto záznamu!
|
MARC
| LEADER | 00000nam a22000007a 4500 | ||
|---|---|---|---|
| 003 | cru IIS | ||
| 005 | 20220804084556.0 | ||
| 007 | ta | ||
| 008 | 220804s2020 cr |||p|r|||| 00| 0 spa d | ||
| 040 | |c cru IIS | ||
| 100 | 1 | |9 10648 |a Cuevas Barberousse, Camila Anaité |e Autora | |
| 245 | 1 | |a Reflexiones y presentación del proyecto “promoción de la salud sexual, prevención y detección del VIH en personas jóvenes del gran área metropolitana de Costa Rica” / |c Camila Anaité Cuevas Barberousse | |
| 300 | |a páginas 97-109 : |b tablas | ||
| 500 | |a Colección Centroamérica | ||
| 773 | 0 | |0 18728 |9 7625 |a Universidad de Costa Rica. |d San José, Costa Rica Editorial UCR 1959- |o 23634 |t Revista de Ciencias Sociales/ |x 04825276 | |
| 942 | |2 ddc |c PP | ||
| 999 | |c 44458 |d 44458 | ||
